Cultivo de langosta espinosa (Panulirus argus), en jaulas flotantes : (Registro nro. 19040)

Detalles MARC
000 -CABECERA
Campo de control 01137nam a2200277 a 4500
005 - FECHA Y HORA DE LA ULTIMA TRANSACCION
Campo de control 20180803170332.0
008 - ELEMENTOS DE LONGITUD FIJA—INFORMACION GENERAL
Campo de control 160919s2012 ck abo||r|||| 00| 0 spa d
020 ## - ISBN
ISBN 9789588403854
040 ## - FUENTE DE CATALOGACIÓN
Agencia catalogadora original CO-BoIAVH
Agencia transcriptora CO-BoIAVH
041 0# - IDIOMA
Código de idioma para texto/pista de sonido o título separado Español
044 ## - PAÍS DE PUBLICACIÓN
País de publicación Colombia
082 04 - NUMERO DE CLASIFICACION DECIMAL DEWEY
Número de clasificación 639.6
Número del ítem J25c
100 1# - ASIENTO PRINCIPAL--NOMBRE PERSONAL
Nombre personal Jaimes Martínez, Juan Carlos
Término relacionado autor
9 (RLIN) 76406
245 10 - MENCION DE TITULO
Título Cultivo de langosta espinosa (Panulirus argus), en jaulas flotantes :
Parte restante del título Acuicultura marina y desarrollo comunitario /
Mención de responsabilidad Juan Carlos Jaimes Martínez, Ramón Alberto Nieto Bernal y Raúl Hernando López Peralta
250 ## - MENCION DE EDICION
Mención de edición Primera edición
260 ## - PUBLICACION, DISTRIBUCION, ETC. (PIE DE IMPRENTA)
Lugar de publicación, distribución, etc. [Bogotá?], Colombia :
Nombre del editor, distribuidor, etc. Universidad Militar Nueva Granada,
Fecha de publicación, distribución, etc. 2012.
300 ## - DESCRIPCION FISICA
Extensión 97 páginas :
Otros detalles físicos ilustraciones a color, mapas y fotografías a color ;
Dimensiones 24 x 17 cm.
504 ## - NOTA DE BIBLIOGRAFIA, ETC.
Nota de bibliografía Incluye referencias bibliográficas.
650 26 - ASIENTO SECUNDARIO DE MATERIA - TERMINO TEMATICO
Término temático o nombre geográfico como elemento de entrada Panulirus argus
Subdivisión general cultivo
9 (RLIN) 76410
650 26 - ASIENTO SECUNDARIO DE MATERIA - TERMINO TEMATICO
Término temático o nombre geográfico como elemento de entrada Langosta
Subdivisión general cultivo
9 (RLIN) 76411
650 26 - ASIENTO SECUNDARIO DE MATERIA - TERMINO TEMATICO
Término temático o nombre geográfico como elemento de entrada Acuicultura
9 (RLIN) 94201
650 26 - ASIENTO SECUNDARIO DE MATERIA - TERMINO TEMATICO
Término temático o nombre geográfico como elemento de entrada Recursos marinos
9 (RLIN) 93486
700 1# - ASIENTO SECUNDARIO - NOMBRE PERSONAL
Nombre personal Nieto Bernal, Ramón Alberto
Término de relación autor
9 (RLIN) 76409
700 1# - ASIENTO SECUNDARIO - NOMBRE PERSONAL
Nombre personal López-Peralta, Raúl Hernando
Término de relación autor
9 (RLIN) 2674
942 ## - ELEMENTOS ADICIONALES (KOHA)
Sistema de clasificación Dewey Decimal Classification
Tipo de ítem Libro
Existencias
Withdrawn status Lost status Sistema de Clasificación Damaged status No para préstamo Colección Inventariado Ubicación Permanente Ubicación actual Fecha de adquisición Fuente de Valor Valor Total Checkouts Número topográfico Inventario / Código de Barras Date last seen Ejemplar Price effective from Forma de adquisición Tipo de material
    Dewey Decimal Classification     General Inventariado 2017 Bogotá Bogotá 19/09/2016 Instituto 39000.00   LB-639.6 J25c 040703 19/09/2016 Ej. 1 19/09/2016 Donación Libro
    Dewey Decimal Classification     General Inventariado 2017 Bogotá Bogotá 04/03/2017 Instituto 39000.00   LB-639.6 J25c 041079 04/03/2017 Ej. 2 04/03/2017 Donación Libro